Periodos del arte y fechas - Statistics

General Stats
  • This quiz has been taken 18 times
    11 since last reset
  • The average score is 7 of 35
Answer Stats
Hint Answer % Correct
Griego severo V a.C
44%
Quattrocento XV
44%
Vanguardias (siglo XX) Cubismo
33%
Vanguardias (siglo XX) Dadaísmo
33%
Vanguardias (siglo XX) Expresionismo
33%
Vanguardias (siglo XX) Futurismo
33%
Arte del siglo XIX Impresionismo
33%
Arte del siglo XIX Romanticismo
33%
Vanguardias (siglo XX) Surrealismo
33%
Cinquecento XVI
33%
Vanguardias (siglo XX) Fauvismo
22%
Griego helenístico IV - II a.C
22%
Arte del siglo XIX Realismo
22%
Griego arcaico VIII - VI a.C
22%
Griego clásico V - IV a.C
22%
Vanguardias (siglo XX) Abstracción lírica
11%
Arte del siglo XIX Art Nouveau
11%
Manierismo Finales siglo XVI
11%
Romano III a.C - V d.C
11%
Vanguardias (siglo XX) Neoplasticismo
11%
Vanguardias (siglo XX) Organicismo
11%
Arte del siglo XIX Postimpresionismo
11%
Vanguardias (siglo XX) Racionalismo funcionalista
11%
Vanguardias (siglo XX) Suprematismo
11%
Califal VIII - XI
11%
Hispanomusulmán VIII - XV
11%
Prerrománico V - X
11%
Bizantino V - XV
11%
Nazarí XIII - XV
11%
Gótico XII - XV
11%
Románico XI - XII
11%
Taifas / Almohade XI- XIII
11%
Neoclasicismo XVIII-XIX
11%
Barroco XVI-XVIII
11%
Renacimiento XV – XVI
11%
No matching quizzes found
Score Distribution
Percent of People with Each Score
Percentile by Number Answered
Your Score History
You have not taken this quiz since the last reset